| 000 | 00610nam a2200193Ii 4500 | ||
|---|---|---|---|
| 003 | JO-AjNU | ||
| 008 | 230605s9999||||xx |||||||||||||| ||und|| | ||
| 040 |
_aJO-AjNU _bara _erda _cJO-AjNU |
||
| 041 | _aara | ||
| 050 | 1 | 4 | _aQA611.H3248 1988 |
| 100 | 3 |
_aحديد ، سمير بشير , _eauthor _937376 |
|
| 245 | 0 | 0 | _aمقدمة في التبولوجيا العامة |
| 264 | 3 | 1 | _aالموصل:دار الكتب ، 1988 |
| 300 | _a256ص | ||
| 336 |
_atext _btxt _2rdacontent |
||
| 337 |
_aunmediated _bn _2rdamedia |
||
| 338 |
_avolume _bnc _2rdacarrier |
||
| 650 | 4 |
_a الصخور الرسوبية _937377 |
|
| 999 |
_aA15611 _c19179 _d19179 |
||